00322nam a2200121Ia 4500008004100000041000800041082001200049100001200061245004500073260004700118300002400165365001100189240624s9999 xx 000 0 und d aeng a330 BHA aBHANU V aINDIAN INDUSTRIES A STUDY OF CAPACITY UT c2007aNew DelhibHimalaya Publishing House a209 : p. : cm. ; 25 cRSb25